Bilecik Bilecik Bilecik Bilecik Bilecik

Kamusal alanların mekansal organizasyonu = (Record no. 61604)

MARC details
000 -BAŞLIK
Sabit Uzunluktaki Kontrol Alanı 01265nam a22003377a 4500
001 - KONTROL NUMARASI
Control Dosyası 0061807
003 - KONTROL NUMARASI KİMLİĞİ
Kontrol Alanı KOHA_MİRAKIL
005 - EN SON İŞLEM TARİHİ ve ZAMANI
Kontrol Alanı 20260207004351.0
007 - FİZİKSEL TANIM SABİT ALAN - GENEL BİLGİ
Sabit uzunluklu kontrol alanı ta
008 - SABİT UZUNLUKTAKİ VERİ ÖGELERİ - GENEL BİLGİ
Sabit Alan 180124b2017 tu |||gr||||#||||0|tur |
020 ## - ISBN - ULUSLARARASI STANDART KİTAP NUMARASI
Isbn 9786059895149
040 ## - KATALOGLAMA KAYNAĞI
Özgün Kataloglama Kurumu TR-BiSEU
Kataloglama Dili tur
Çeviri Kurumu TR-BiSEU
Açıklama Kuralları rda
041 0# - DİL KODU
Metin ya da ses kaydının dil kodu tur
044 ## - YAYINLAYAN/ÜRETEN KURULUŞUN ÜLKE KODU
ISO country code tu
050 ## - SINIFLAMA ve YER NUMARASI
Sınıflama Numarası HT153
Yer Numarası .K36 2017
240 10 - TEK BİÇİM BAŞLIK
Tekbiçim Başlık <a href="Spatial organization of public space">Spatial organization of public space</a>
Language of a work Türkçe
245 0# - ESER ADI BİLDİRİMİ
Başlık Kamusal alanların mekansal organizasyonu =
Alt Eseradı vb. Spatial organization of public space/
Sorumluluk Bildirimi editör H. Selma Çelikyay; yazarlar Pelin Gökgür, H.Selma Çelikyay, M. Nazım Özer, Suat Çabuk, Sinem Tarhan, Sebahat Açıksöz.
264 #1 - ÜRERİM, YAYIN, DAĞITIM ve TELİF BİLDİRİMİ
Yayın yeri Bartın :
Yayınlayan Bartın Üniversitesi
Yayın tarihi 2017
300 ## - FİZİKSEL TANIMLAMA
Sayfa, Cilt vb. 142 sayfa: resimli; 25 cm.
336 ## - İÇERİK TÜRÜ
Content type term metin
Content type code txt
Source rdacontent
337 ## - MEDYA TÜRÜ
Media type term aracısız
Media type code n
Source rdamedia
338 ## - TAŞIYICI TÜRÜ
Carrier type term cilt
Carrier type code nc
Source rdacarrier
490 1# - DİZİ BİLDİRİMİ
Dizi Bildirimi Bartın Üniversitesi Yayın No ;
Cilt Numarası 30.
490 1# - DİZİ BİLDİRİMİ
Dizi Bildirimi Fen Bilimleri Enstitüsü Yayınları No ;
Cilt Numarası 01.
500 ## - GENEL NOT
Genel Not Kaynakça var.
650 #0 - KONU BAŞLIĞI EK GİRİŞ - KONU TERİMİ
Konusal terim veya coğrafi ad Public spaces, Planning--Planning.
9 (RLIN) 114743
650 #0 - KONU BAŞLIĞI EK GİRİŞ - KONU TERİMİ
Konusal terim veya coğrafi ad City planning.
9 (RLIN) 19979
830 1# - SERİ EK GİRİŞİ - TEKBİÇİM ESER ADI
Tekbiçim Başlık Bartın Üniversitesi Yayın No ;
Volume number/sequential designation 30.
9 (RLIN) 114744
830 1# - SERİ EK GİRİŞİ - TEKBİÇİM ESER ADI
Tekbiçim Başlık Fen Bilimleri Enstitüsü Yayınları No ;
Volume number/sequential designation 01.
9 (RLIN) 114745
942 ## - EK GİRİŞ ÖGELERİ (KOHA)
Source of classification or shelving scheme Library of Congress Classification
Koha item type Book
Holdings
Materyal Türü Kalıcı Konum Mevcut Konum Raf Yeri Sınıflandırma Kaynağı Edinim Bilgisi Ana Konular Alt Konular Yer Numarası Demirbaş Numarası Fatura Tarihi Geri Çekilme Durumu Kayıp Durumu Hasarlı Durumu Kredi için değil Kayıt Tarih Toplam Ödünçverme Son Görülme Tarihi Son Kontrol Tarihi Genel / Bağış Notu
Book Prof. Dr. Azmi Özcan Kütüphanesi Prof. Dr. Azmi Özcan Kütüphanesi Uluğbey Salonu Library of Congress Classification Bağış SOSYAL BİLİMLER Topluluklar, Sınıflar, Irklar HT153 .K36 2017 0061807 02/02/2026         24/01/2018 1 05/12/2024 05/12/2024 Genel Bağış